000 00510nam a22001937a 4500
003 MPLRDC
005 20220104143125.0
008 210129b ||||| |||| 00| 0 eng d
020 _a983-137-380-4
082 _a848.2 YXY-3 v.3009
100 _a杨小云著
245 _a多给自己一点掌声
_c
250 _a初版
260 _a
_b台北健行文化出版事业有限公司
_c1998
300 _b
490 _a生活丛书;BSAQL3009
650 _a现代别集
942 _cBK
_o848.2 YXY-3 v.3009
999 _c36845
_d36835